Premierzy III Rzeczpospolitej na Zdjęciach - Statystyki

Ogólne statystyki
  • Ten quiz został rozwiązany 1 974 razy
  • Średni wynik to 11 z 16
Statystyki odpowiedzi
Obrazkowy Odpowiedź % Poprawnych
Mateusz Morawiecki
99%
Donald Tusk
96%
Jarosław Kaczyński
96%
Beata Szydło
92%
Ewa Kopacz
91%
Leszek Miller
86%
Tadeusz Mazowiecki
73%
Waldemar Pawlak
63%
Jerzy Buzek
57%
Józef Oleksy
56%
Hanna Suchocka
54%
Marek Belka
54%
Włodzimierz Cimoszewicz
53%
Jan Olszewski
51%
Kazimierz Marcinkiewicz
48%
Jan Krzysztof Bielecki
34%
Nie znaleziono quizów pasujących do podanych kryteriów
Rozkład punktacji
Procent ludzi z każdym wynikiem
Percentyl według liczby udzielonych odpowiedzi
Twoja historia wyników
Nie rozwiązałeś tego quizu